Singapore trade connection : from trade data to market opportunities [
| Format: | Book |
|---|---|
| Published: |
Singapore:
Singapore trade Development Board,
1999.
|
| Subjects: |
| LEADER | 00504cam a2200133 7i4500 | ||
|---|---|---|---|
| 001 | 0000008050 | ||
| 005 | 20000817090000.0 | ||
| 090 | 0 | 0 | |a CD-ROM 130 |b SIN |
| 245 | 0 | 0 | |a Singapore trade connection : |b from trade data to market opportunities [ |m electronic resource]. |
| 260 | 0 | 0 | |a Singapore: |b Singapore trade Development Board, |c 1999. |
| 300 | # | # | |a Electronic computer optical disc (CD-ROM). |
| 650 | 0 | 0 | |a Statistics -- |z Singaporez |
| 651 | 0 | 0 | |a Singapore |
| 999 | |a B000011531 |b CD-ROM |c AV Collection |e Business Information Centre | ||